IBM storyboard plus / (Record no. 176676)
[ view plain ]
| 000 -LEADER | |
|---|---|
| fixed length control field | 00463 a2200145 4500 |
| 003 - CONTROL NUMBER IDENTIFIER | |
| control field | Nust |
| 005 - DATE AND TIME OF LATEST TRANSACTION | |
| control field | 20220722180203.0 |
| 040 ## - CATALOGING SOURCE | |
| Transcribing agency | Nust |
| 082 ## - DEWEY DECIMAL CLASSIFICATION NUMBER | |
| Classification number | 004.16,ARI |
| 245 ## - TITLE STATEMENT | |
| Title | IBM storyboard plus / |
| Statement of responsibility, etc. | IBM |
| 260 ## - PUBLICATION, DISTRIBUTION, ETC. | |
| Name of publisher, distributor, etc. | IBM |
| Place of publication, distribution, etc. | New York |
| Date of publication, distribution, etc. | 1989 |
| 300 ## - PHYSICAL DESCRIPTION | |
| Extent | xvii, 421p. |
| 505 ## - FORMATTED CONTENTS NOTE | |
| Formatted contents note | Introduction (Page 1-1), Picture Maker (Page-2-1), Picture Taker (Page 3-1), Text Maker (Page 4-1), Story Editor (Page 5-1), Story Teller (Page 6-1). |
| 942 ## - ADDED ENTRY ELEMENTS (KOHA) | |
| Source of classification or shelving scheme | |
| Koha item type | Book |
| Call number prefix | 004.16,ARM |
| Withdrawn status | Lost status | Source of classification or shelving scheme | Damaged status | Not for loan | Permanent Location | Current Location | Shelving location | Date acquired | Full call number | Barcode | Date last seen | Price effective from | Koha item type | Public note |
|---|---|---|---|---|---|---|---|---|---|---|---|---|---|---|
| Military College of Signals (MCS) | Military College of Signals (MCS) | General Stacks | 12/12/2016 | 004.16,ARM | MCS3555 | 12/08/2016 | 12/12/2016 | Book | Almirah No.1, Shelf No.6 |
